000 00251nam a22001217a 4500
003 SGT
082 _a823
_bHAR
100 _aHARRISON SARAH
245 _aTHE NIGHTINGALES NEST
260 _aLONDON
_bHODDER
_c2006
300 _a454
942 _2ddc
_cBK
999 _c33471
_d33471